000 00334nam a2200121Ia 4500
008 240731s9999 xx 000 0 und d
022 _a1743-2928
245 0 _aRedox Report : Communications in Free Radical Research
260 _bTaylor & Francis
856 _uhttps://www.tandfonline.com/loi/yrer20
942 _2ddc
942 _cTFEJ
999 _c79136
_d79136
945 _a1
_bMadushi Gamage
_c1
_dMadushi Gamage